000 00473cam a22001457a 4500
008 180718b1949 xxu||||| |||| 00| 0 eng d
082 _aB253 P761
100 _aPollard, Francis E.
245 _aDemocracy and the quaker method
_cby Francis E. Pollard, Beatrice E. Pollard and Robert S.W Po
260 _aLondon
_bBannisdale Press
_c1949
300 _a160p
650 _aSociety of Friends --Government.
700 _aPollard, S.W. Pollard
700 _aPollard, Beatrice E.
999 _c420767
_d420767